Postavenie a úloha finančných poradcov (1)

Vznik nových profesií, ktoré svojim charakterom predstavujú spojivo medzi širokou vrstvou spotrebiteľskej verejnosti a úzkou skupinou odborníkov v danej oblasti. Osobitné postavenie finančného a investičného poradcu. Jeho hlavnou úlohou je vedieť zhodnotiť možnosti a riziká finančného angažovania sa...

Description complète

Enregistré dans:
Détails bibliographiques
Auteur principal: Kelenyei, Henrich
Format: Chapitre de livre
Langue:slovaque
Sujets:
Tags: Ajouter un tag
Pas de tags, Soyez le premier à ajouter un tag!

MARC

LEADER 00000naa a2200000 4500
001 r035935
005 20230809074549.6
041 0 |a slo 
044 |a SK 
245 1 0 |a Postavenie a úloha finančných poradcov (1)  |c Henrich Kelenyei 
520 |a Vznik nových profesií, ktoré svojim charakterom predstavujú spojivo medzi širokou vrstvou spotrebiteľskej verejnosti a úzkou skupinou odborníkov v danej oblasti. Osobitné postavenie finančného a investičného poradcu. Jeho hlavnou úlohou je vedieť zhodnotiť možnosti a riziká finančného angažovania sa na všetkých, verejnosti dostupných trhoch. Odlíšenie postavenia finančných poradcov od maklérov a sprostredkovateľov. Pozícia finančných poradcov na Slovensku. 
610 2 0 |a poradcovia 
610 2 0 |a financie 
610 2 0 |a investovanie 
610 2 0 |a odbornosť 
610 2 0 |a poradenstvo 
610 2 0 |a klienti 
100 1 |a Kelenyei, Henrich